000 00580nam a2200229Ia 4500
003 OSt
005 20220928104456.0
006 a|||||r|||| 00| 0
007 ta
008 220927b |||||||| |||| 00| 0 eng d
024 _a62724
037 _cTextual
040 _aSDCL
_cSDCL
_beng
041 _2eng
_aeng
082 _aS9P, P3
100 _aKarolyi George
_9410571
245 0 _aExcursion in to the paranormal.
260 _aAustralia
_bPPRF
_c2003
300 _a285p.
_ccm.
942 _hS9P, P3
_cTEXL
_2CC
999 _c726225
_d726225